| 000 | 00766nam a2200217 i 4500 | ||
|---|---|---|---|
| 001 | 35046 | ||
| 003 | ES-MaACL | ||
| 005 | 20230906155038.0 | ||
| 007 | t| | ||
| 008 | 030211s1965 sp ||||1| spa d | ||
| 100 | 1 |
_aBoquera Oliver, José María. _930339 |
|
| 245 | 1 | 0 |
_aDerecho administrativo y socialización / _cJosé María Boquera Oliver. |
| 250 | _a[1ª ed.]. | ||
| 260 |
_aMadrid : _b[Centro de Formación y Perfeccionamiento de Funcionarios], _c1965. |
||
| 300 |
_a187 p. ; _c22 cm. |
||
| 490 | 1 |
_aEstudios administrativos ; _v25 |
|
| 710 | 2 |
_aCentro de Formación y Perfeccionamiento de Funcionarios (Alcalá de Henares) _92688 |
|
| 830 | 0 |
_aEstudios administrativos ; _v25 _9181549 |
|
| 852 |
_aES-MaACL _jE-5771 _bR.90213 |
||
| 999 |
_c35046 _d35046 |
||